| 000 | 00728cam a22002411 4500 | ||
|---|---|---|---|
| 001 | 9866296 | ||
| 003 | ARRUPE | ||
| 005 | 20140925140757.0 | ||
| 008 | 750521s1966 xx 000 0 eng | ||
| 010 | _a 65019923 | ||
| 035 | _a(OCoLC)1347744 | ||
| 040 |
_aDLC _cFO _dDLC |
||
| 042 | _apremarc | ||
| 050 | 0 | 0 |
_aBX4700.T5 _bU5 |
| 100 | 1 |
_aUlanov, Barry. _911739 |
|
| 245 | 1 | 4 |
_aThe making of a modern saint; _ba biographical study of Thérése of Lisieux. |
| 250 | _a[1st ed.] | ||
| 260 |
_aGarden City, N.Y., _bDoubleday, _c1966. |
||
| 300 |
_aix, 372 p. _bport. _c22 cm. |
||
| 600 | 0 | 0 |
_aThérèse, _cde Lisieux, Saint, _d1873-1897. _911740 |
| 906 |
_a7 _bcbc _coclcrpl _du _encip _f19 _gy-gencatlg |
||
| 942 |
_2lcc _cMONOGRAPH |
||
| 999 |
_c120980 _d120980 |
||